<?xml version="1.0" encoding="UTF-8"?>
<record
    xmlns:xsi="http://www.w3.org/2001/XMLSchema-instance"
    xsi:schemaLocation="http://www.loc.gov/MARC21/slim http://www.loc.gov/standards/marcxml/schema/MARC21slim.xsd"
    xmlns="http://www.loc.gov/MARC21/slim">

  <leader>02232    a2200229   4500</leader>
  <controlfield tag="001">28398</controlfield>
  <controlfield tag="005">20260407155555.0</controlfield>
  <controlfield tag="008">260407a1972    arg                 spa d</controlfield>
  <controlfield tag="003">AR-UNSa-BCEJYS</controlfield>
  <datafield tag="040" ind1=" " ind2=" ">
    <subfield code="a">AR-UNSa-BCEJYS</subfield>
    <subfield code="b">spa</subfield>
    <subfield code="c">AR-UNSa-BCEJYS</subfield>
  </datafield>
  <datafield tag="080" ind1=" " ind2=" ">
    <subfield code="a">657</subfield>
    <subfield code="x">Contabilidad</subfield>
  </datafield>
  <datafield tag="245" ind1="1" ind2="0">
    <subfield code="a">Contabilidad b&#xE1;sica</subfield>
  </datafield>
  <datafield tag="264" ind1=" " ind2="1">
    <subfield code="a">M&#xE9;xico :</subfield>
    <subfield code="b">CECSA (Compa&#xF1;ia Editorial Continental)</subfield>
    <subfield code="c">1972</subfield>
  </datafield>
  <datafield tag="300" ind1=" " ind2=" ">
    <subfield code="a">720 p.</subfield>
    <subfield code="c">23 cm.</subfield>
  </datafield>
  <datafield tag="505" ind1=" " ind2=" ">
    <subfield code="a">1.Contabilidad, medici&#xF3;n y comunicaci&#xF3;n - 2. La cuenta, el mayor, la balanza de comprobaci&#xF3;n - 3. El diario general, traspasos, cierre - 4. Contabilidad mercantil - 5. Trasnacciones continuaso no terminadas - 6. Transacciones continuas, hoja de trabajo - 8. Procesamiento de datos para control, documentos y procedimientos, informes - 9. Instrumentos negociables: Pagar&#xE9;s y letra de cambio - 10. Impuestos sobre sueldos y otros - 11. Determinaci&#xF3;n y valuaci&#xF3;n de la utilidad, ilustraci&#xF3;n de sumarios per&#xED;odicos - 12. Cuentas de control y libros mayores auxiliares: Libros diarios especiales - 13. Diarios y registros especiales; impuesto sobre ventas - 14. El sistema de p&#xF3;lizas - 15. Efectivo y previsiones para efectivo - 16. Las sociedades an&#xF3;nimas - 17. Sociedades a&#xF3;nimas - 18. Sociedades an&#xF3;nimas - 19. Bonos de sociedades an&#xF3;nimas - 20. Propietario unico, sociedades en nombre colectivo - 21. Sociedades(conclusi&#xF3;n) - 22. P&#xE9;rdidas y cuentas de cr&#xE9;ditos por cobrar, inversiones e ingresops por inversiones - 23. Inventarios y costos de ventas - 24. Activos fijos, depreciaci&#xF3;n y amortizaci&#xF3;n - 25. Contabilidad de ventas por departamentos y sucursales - 26. Contabilidad de costos de fabricaci&#xF3;n - 27. Contabilidad de costos: Inventarios perpetuos - 28.Utilizaci&#xF3;n de los datos contables en las decisiones empresariales: An&#xE1;lisis de estados financieros - 29. Utlizaci&#xF3;n de los datos contables en las decisiones gerenciales: An&#xE1;lisis de los estados financiero(conclusi&#xF3;n)- 30. Empleo de los datos contables en las decisiones gerenciales: an&#xE1;lisi y presupuestos incrementales. </subfield>
  </datafield>
  <datafield tag="942" ind1=" " ind2=" ">
    <subfield code="c">BK</subfield>
  </datafield>
  <datafield tag="590" ind1=" " ind2=" ">
    <subfield code="a">niveau_biblio:m niveau_hierar:0</subfield>
  </datafield>
  <datafield tag="100" ind1="1" ind2=" ">
    <subfield code="a">Holmes, Arthur W.</subfield>
  </datafield>
  <datafield tag="700" ind1="1" ind2=" ">
    <subfield code="a">Maynard, Gilbert P.</subfield>
  </datafield>
  <datafield tag="700" ind1="1" ind2=" ">
    <subfield code="a">Edwards, James Don</subfield>
  </datafield>
  <datafield tag="700" ind1="1" ind2=" ">
    <subfield code="a">Meier, Robert</subfield>
  </datafield>
  <datafield tag="999" ind1=" " ind2=" ">
    <subfield code="c">1707</subfield>
    <subfield code="d">1707</subfield>
  </datafield>
  <datafield tag="952" ind1=" " ind2=" ">
    <subfield code="0">0</subfield>
    <subfield code="1">0</subfield>
    <subfield code="4">0</subfield>
    <subfield code="7">0</subfield>
    <subfield code="a">BCEJYS</subfield>
    <subfield code="b">BCEJYS</subfield>
    <subfield code="c">16</subfield>
    <subfield code="d">2026-04-07</subfield>
    <subfield code="l">0</subfield>
    <subfield code="o">657 C759c</subfield>
    <subfield code="p">L26714</subfield>
    <subfield code="r">2026-04-07 15:55:55</subfield>
    <subfield code="w">2026-04-07</subfield>
    <subfield code="y">L</subfield>
  </datafield>
  <datafield tag="952" ind1=" " ind2=" ">
    <subfield code="0">0</subfield>
    <subfield code="1">0</subfield>
    <subfield code="4">0</subfield>
    <subfield code="7">0</subfield>
    <subfield code="a">BCEJYS</subfield>
    <subfield code="b">BCEJYS</subfield>
    <subfield code="c">16</subfield>
    <subfield code="d">2026-04-07</subfield>
    <subfield code="l">0</subfield>
    <subfield code="o">657 C759c</subfield>
    <subfield code="p">L33360</subfield>
    <subfield code="r">2026-04-07 15:55:55</subfield>
    <subfield code="w">2026-04-07</subfield>
    <subfield code="y">L</subfield>
  </datafield>
  <datafield tag="952" ind1=" " ind2=" ">
    <subfield code="0">0</subfield>
    <subfield code="1">0</subfield>
    <subfield code="4">0</subfield>
    <subfield code="7">0</subfield>
    <subfield code="a">BCEJYS</subfield>
    <subfield code="b">BCEJYS</subfield>
    <subfield code="c">16</subfield>
    <subfield code="d">2026-04-07</subfield>
    <subfield code="l">0</subfield>
    <subfield code="o">657 C759c</subfield>
    <subfield code="p">L33361</subfield>
    <subfield code="r">2026-04-07 15:55:55</subfield>
    <subfield code="w">2026-04-07</subfield>
    <subfield code="y">L</subfield>
  </datafield>
</record>
